000
00305nam a22001337a 4500
020
_a
9789694230108
082
_a
297
100
_a
Eslahi, Muhammad Yousaf
245
_a
Assan Fiqa
260
_a
Lahore :
_b
Islamic Publication.
_c
2013.
300
_a
334 p. ;
_b
21 cm.
500
_a
Paperback.
942
_c
BK
999
_c
34195
_d
34195